| 000 | 00721nam a2200205 u 4500 | ||
|---|---|---|---|
| 005 | 20240529063636.0 | ||
| 008 | 140918s2007 r 000 0 eng d | ||
| 020 | _a9788426136367 | ||
| 035 | _aUPN01000199631 | ||
| 049 | _aI | ||
| 050 | 4 |
_aPZ7 _bP7.8 |
|
| 100 | 1 |
_aPrince, April Jones _936359 |
|
| 245 | 1 | 0 |
_aVeintiún elefantes en el puente de brooklyn / _cApril Jones Prince; il. de Francois Roca; tr. de María lucchetti Bochaca. |
| 260 |
_aBarcelona, Esp. : _bJuventud, _c2007. |
||
| 300 |
_a[30] p. : _bil. |
||
| 534 |
_pTítulo original : _tTwenty-one elephants and still standing |
||
| 650 | 7 |
_aLiteratura infantil estadounidense _2 _99173 |
|
| 650 | 4 |
_aElefantes _vCuentos y leyendas _99255 |
|
| 905 | _aInfantil | ||
| 999 |
_c171732 _d171732 |
||